| 000 -CABECERA |
| Longitud fija campo de control |
00563nam a2200169 a 4500 |
| 001 - NÚMERO DE CONTROL |
| Número de control |
3715 |
| 003 - IDENTIFICADOR DEL NÚMERO DE CONTROL |
| Identificador del número de control |
CDMR |
| 005 - FECHA Y HORA DE LA ÚLTIMA TRANSACCIÓN |
| Fecha y hora de la última transacción |
20130516193530.0 |
| 008 - CÓDIGOS DE INFORMACIÓN DE LONGITUD FIJA |
| Códigos de información de longitud fija |
130130s2004||||||||||||||||||||||||||||d |
| 040 ## - FUENTE DE LA CATALOGACIÓN |
| Centro catalogador de origen |
CDMR |
| Lengua de catalogación |
cat |
| Centro transcriptor |
CDMR |
| 111 2# - PUNTO DE ACCESO PRINCIPAL-NOMBRE DE CONGRESO |
| Nombre de congreso o jurisdicción como elemento de entrada |
Congreso Iberoamericano de Periodistas Especializados y Técnicos |
| Sede del congreso |
Barcelona |
| Fecha del congreso |
2004 |
| Número del congreso o número de parte o sección de la obra |
7è |
| 9 (RLIN) |
66 |
| 245 10 - MENCIÓN DE TÍTULO |
| Título |
VII Congreso Iberoamericano de Periodistas Especializados y Técnicos (VII CIPET) |
| 260 ## - PUBLICACIÓN, DISTRIBUCIÓN, ETC. (PIE DE IMPRENTA) |
| Lugar de publicación, distribución, etc. |
Barcelona |
| Fecha de publicación, distribución, etc. |
2004 |
| Nombre del editor, distribuidor, etc. |
AIPET |
| 650 04 - PUNTO DE ACCESO ADICIONAL DE MATERIA - TÉRMINO DE MATERIA |
| 9 (RLIN) |
3330 |
| Término de materia o nombre geográfico como elemento inicial |
Periodisme especialitzat |
| 650 04 - PUNTO DE ACCESO ADICIONAL DE MATERIA - TÉRMINO DE MATERIA |
| 9 (RLIN) |
3445 |
| Término de materia o nombre geográfico como elemento inicial |
Periodisme |
| Subdivisión de materia general |
Congressos |
| 942 ## - ENTRADA DE ELEMENTOS AGREGADOS (KOHA) |
| Koha [por defecto] tipo de item |
Monografies |
| Fuente de clasificaión o esquema |
|